ROTHMAN- SIMEONE THE SPINE VOL.I + ONLINE,CD (Record no. 800122)

MARC details
000 -LEADER
fixed length control field 00410pam a2200157 a 4500
020 ## - INTERNATIONAL STANDARD BOOK NUMBER
International Standard Book Number 9781416067269
Terms of availability
041 ## - LANGUAGE CODE
Language code of original
082 ## - DEWEY DECIMAL CLASSIFICATION NUMBER
Classification number 617.3
Item number HER
100 ## - MAIN ENTRY--PERSONAL NAME
Personal name HERKOWITZ H.N., GARFIN S.R., BELL G.R.
245 ## - TITLE STATEMENT
Title ROTHMAN- SIMEONE THE SPINE VOL.I + ONLINE,CD
Medium Textual Documents
250 ## - EDITION STATEMENT
Edition statement 6.
260 ## - PUBLICATION, DISTRIBUTION, ETC.
Name of publisher, distributor, etc. SAUNDERS
Date of publication, distribution, etc. 2011
300 ## - PHYSICAL DESCRIPTION
Extent 1062:
Other physical details XXVIII;
Dimensions HB+
Accompanying material ONLINE,CD.
650 ## - SUBJECT ADDED ENTRY--TOPICAL TERM
Topical term or geographic name entry element ORTHO
930 ## - EQUIVALENCE OR CROSS-REFERENCE-UNIFORM TITLE HEADING [LOCAL, CANADA]
Uniform title 5595
Holdings
Withdrawn status Lost status Damaged status Not for loan Collection Home library Current library Date acquired Source of acquisition Cost, normal purchase price Total Checkouts Full call number Barcode Date due Date last seen Date last checked out Copy number Price effective from Koha item type
          Medical College & Hospital, Sangli Medical College & Hospital, Sangli 16/10/2012 B.M.S.G.B.PUNE 10518.70 1 617.3 HER MCS-10665 01/10/2043 06/10/2023 06/10/2023 1 26/07/2023 Book